000 00312nam a22001337a 4500
008 171207b xxu||||| |||| 00| 0 eng d
020 _a9780962825422
041 _aeng
080 _a159.9
100 _a48
101 _aPSI
245 _aFAMILY DESK REFERENCE TO PSYCHOLOGY
_cFALCON.CH.T
942 _2udc
_cBK
999 _c38807
_d38807